Pilotes de F1 - Saison 2024 - Statistiques

Statistiques générales
  • Ce quiz a été pris 96 fois
    39 depuis la dernière actualisation
  • Le résultat moyen est 20 sur 25
Statistiques - réponses
Equipes Pilotes % Correct
Ferrari Carlos Sainz Jr.
97%
Ferrari Charles Leclerc
97%
McLaren Lando Norris
97%
Red Bull Max Verstappen
97%
Alpine Pierre Gasly
97%
Alpine Esteban Ocon
94%
Mercedes Lewis Hamilton
94%
Red Bull Sergio Perez
94%
McLaren Oscar Piastri
91%
Aston Martin Lance Stroll
88%
Aston Martin Fernando Alonso
82%
Mercedes Georges Russel
82%
VCARB Yuki Tsunoda
82%
Williams Alex Albon
79%
Haas Kevin Magnussen
79%
Haas Nico Hulkenberg
76%
Kick Sauber Valtteri Bottas
76%
Wiliams Franco Colapinto
70%
Ferrari Oliver Bearman
70%
Haas Oliver Bearman
70%
VCARB Daniel Ricciardo
64%
VCARB Liam Lawson
58%
Williams Logan Sargeant
52%
Alpine Jack Doohan
39%
Kick Sauber Zhou Guanyu
39%
Aucun quiz correspondant
Distribution des résultats
% des personnes avec chaque résultat
Percentile par nombre de réponses
Votre historique - résultats
Vous n’avez pas pris ce quiz depuis la dernière actualisation